| 000 | 00495nam a22001697a 4500 | ||
|---|---|---|---|
| 999 |
_c13357 _d13357 |
||
| 003 | AR-CdUCM | ||
| 008 | 190415b ||||| |||| 00| 0 spa d | ||
| 040 |
_aMUNICIPALIDAD PROVINCIAL DEL CUSCO _cBIBLIOTECA MUNICIPAL DEL CUSCO |
||
| 082 |
_aC / 082 / _bC.A. |
||
| 245 | _aCuadernos Andinos / | ||
| 260 |
_aQosqo : _bAYNI, _c1993. |
||
| 300 |
_a13 páginas ; _c21 cm. |
||
| 440 |
_aCuadernos Andinos _n3 _931736 |
||
| 505 | _aLa plaza mayor. | ||
| 942 |
_2ddc _cFOLLETOS |
||
| 945 |
_awfj _d2019-04-15 |
||